| 000 | 00509nam a2200181 a 4500 | ||
|---|---|---|---|
| 005 | 20240919064234.0 | ||
| 008 | 011030s1991 r 000 0 eng d | ||
| 020 | _a0195208684 | ||
| 035 | _aUPN01000113611 | ||
| 049 | _aCG | ||
| 050 | 4 |
_aHC59.7 _bW6.7 |
|
| 245 | 0 | 0 |
_aWorld development report 1991 : _bthe challenge of development. |
| 260 |
_a[New York] : _bOxford University, _c1991. |
||
| 300 | _axii, 290 p. | ||
| 650 | 4 | _aPAISES DESARROLLADOS | |
| 650 | 4 |
_aDesarrollo económico _96460 |
|
| 905 | _aLibro | ||
| 999 |
_c87519 _d87519 |
||